000 00761nam a2200265 a 4500
001 BRCA_5770
005 20190320205217.0
008 080311s1945----sp-a######---#000-0#spa-#
041 _aspa
044 _asp
050 4 _aNK2119
_b.R34 1945
100 1 _aRáfols, J. F.
_914639
245 1 0 _aTechumbres y artesanos españoles
_cJ. F. Ráfols.
250 _a3
260 _aBarcelona
_bLabor
_c1945
300 _a109 p.
_bil. (algunas a color), 77 láminas
_c22 cm.
440 0 _aColección Labor
_pArtes plásticas
_v86
_914640
500 _aIncluye índice alfabético
500 _aG14
504 _aBibliografía: p. 101-104
650 1 4 _aTechos interiores
_914641
650 1 4 _aDecoración y ornamentación
_93592
902 _aGFM
942 _2lcc
_cB
999 _c5459
_d5459